书目信息 |
| 题名: |
月季
|
|
| 作者: | 刘海涛 | |
| 分册: | ||
| 出版信息: | 广州 广东科技出版社 2004 |
|
| 页数: | 76 | |
| 开本: | 20cm | |
| 丛书名: | ||
| 单 册: | ||
| 中图分类: | S685.12 | |
| 科图分类: | ||
| 主题词: | 观赏园艺 , 花卉 , 园林树木 | |
| 电子资源: | ||
| ISBN: | 7-5359-3415-3 | |
| 000 | 00529nam0 2200205 450 | |
| 001 | 0741144344 | |
| 005 | 20070817112544.34 | |
| 010 | @a7-5359-3415-3@d¥14.00 | |
| 100 | @a20070817d km y0chiy0120 ea | |
| 101 | 0 | @achi |
| 200 | 1 | @a月季@Ayue ji@f刘海涛等@Fliu hai tao deng |
| 210 | @a广州@c广东科技出版社@d2004 | |
| 215 | @a76@c插图@d20cm | |
| 606 | 0 | @a观赏园艺 |
| 606 | 0 | @a花卉 |
| 606 | 0 | @a园林树木 |
| 690 | @aS685.12@v3 | |
| 701 | 0 | @a刘海涛@Aliu hai tao |
| 801 | 0 | @aCN@bPFT@c20070817 |
| 905 | @a213230@dS685.12@en1@f1 | |
| 月季/刘海涛等.-广州:广东科技出版社,2004 |
| 76:插图;20cm |
| ISBN 7-5359-3415-3:¥14.00 |
| ● |
| 相关链接 |
|
|
|
|
正题名:月季
索取号:S685.12/n1
 
预约/预借
| 序号 | 登录号 | 条形码 | 馆藏地/架位号 | 状态 | 备注 |
| 1 | 6600674 | 266006742 | 密集书库-生命科学系/ [索取号:S685.12/n1] | 在馆 |